01230nam a2200313Ia 4500001001200000003000800012006001900020007001500039008004100054010001700095020001500112040002100127035002000148050002600168082001600194100002900210245006900239260004600308300001600354504005100370533015200421600004100573600005700614650005400671655002900725710001700754856012600771999001900897ebr10103724CaPaEBRm u cr cn|||||||||040407s2003 enk sb 001 0 eng d z 2003046920 z033398773X aCaPaEBRcCaPaEBR a(OCoLC)7075966514aPR4592.P7bD74 2003eb04a828.8082221 aDrew, John M. L.,d1966-10aDickens the journalisth[electronic resource] /cJohn M.L. Drew. aBasingstoke :bPalgrave Macmillan,c2003. avii, 255 p. aIncludes bibliographical references and index. aElectronic reproduction.bPalo Alto, Calif. :cebrary,d2009.nAvailable via World Wide Web.nAccess may be limited to ebrary affiliated libraries.10aDickens, Charles,d1812-1870xProse.10aDickens, Charles,d1812-1870xKnowledgexJournalism. 0aJournalismzGreat BritainxHistoryy19th century. 7aElectronic books.2local2 aebrary, Inc.40uhttp://site.ebrary.com/lib/rucke/Doc?id=10103724zAn electronic book accessible through the World Wide Web; click to view c206387d206387